00674nam a2200205 a 45000010005000000030009000050050017000140080041000310200015000720400033000870820023001201000020001432450097001632500012002602600054002723000030003264900052003566500036004087000024004449289BD-DhUAP20210103120901.0210103s2019 bg 000 0 eng d a9845102190 aDLCcBD-DhUAPbEngdBD-DhUAP00a342.549202 KAM223 aKamal, Mustafa.10aBangladesh Constitution :btrends and issues /cMustafa Kamal ; edited by Kazi Ebadul Hoque. a2nd ed. aDhaka, Bangladesh :bUniversity of Dhaka,cc2019. aviii, 192 pages ;c22 cm. aKamini Kumar Dutta memorial law lectures, 1994. aConstitutional lawzBangladesh. aHoque, Kazi Ebadul.